Catalog

Record Details

Catalog Search



Handbuch der Pastoraltheologie : praktische Theologie der Kirche in ihrer Gegenwart Band III Cover Image Book Book

Handbuch der Pastoraltheologie : praktische Theologie der Kirche in ihrer Gegenwart Herausgegeben Franz Xaver Arnold Band III

Arnold, Franz X. (Author). Klostermann, Ferdinand (Added Author).

Record details

  • Physical Description: 677 S.
  • Edition: 2. Aufl.
  • Publisher: Freiburg Herder 1972

Available copies

  • 1 of 1 copy available at Common Catalog SPOK.

Holds

  • 0 current holds with 1 total copy.
Show Only Available Copies
Location Call Number / Copy Notes Barcode Shelving Location Status Due Date
ETS Library 260 424470006869 U výpůjčního pultu Available -

LDR 00806nam a2 00253
00143160
003CZ-PrJAB
00520040116000000.0
008000204s1972 xr e |||| |ger
009ge
035 . ‡a(CONS)3439
035 . ‡aKPS6591
040 . ‡aABG450
041 . ‡ager
08214. ‡a260
100 . ‡7214 ‡aArnold, Franz X.
245 . ‡aHandbuch der Pastoraltheologie : ‡bpraktische Theologie der Kirche in ihrer Gegenwart ‡cHerausgegeben Franz Xaver Arnold ‡nBand III
250 . ‡a2. Aufl.
260 . ‡aFreiburg ‡bHerder ‡c1972
300 . ‡a677 S.
653 . ‡aHandbuch der Pastoraltheologie ‡apraktische Theologie der Kirche in ihrer Gegenwart
700 . ‡7215 ‡aKlostermann, Ferdinand
8524 . ‡bETS ‡bETS ‡cU výpůjčního pultu ‡j260 ‡gP ‡p424470006869 ‡xreference
910 . ‡aABG450
999 . ‡a3439 ‡bAUTOGEN ‡c3439 ‡tbiblio
905 . ‡uadmin
901 . ‡a43160 ‡b ‡c43160 ‡tbiblio ‡sets

Additional Resources